[Event "Weekend"]
[Site "Pinerolo ITA"]
[Date "2009.11.15"]
[Round "5"]
[White "Zaccaria, Christian"]
[Black "Bergoglio, Piergiorgio"]
[Result "1-0"]
[WhiteElo "1440"]
[BlackElo "1344"]
[PlyCount "97"]
[EventDate "2009.11.13"]

1. e4 e6 2. Nf3 c5 3. d4 b6 4. d5 Qc7 5. c4 d6 6. Nc3 a6 7. Qa4+ Bd7 8. Qb3 e5
9. Be2 Bg4 10. O-O Be7 11. Bg5 h6 12. Be3 Nf6 13. Nd2 Bxe2 14. Nxe2 O-O 15. Ng3
Ng4 16. f4 Nxe3 17. Qxe3 Nd7 18. f5 Bg5 19. Qe2 Nf6 20. Nf3 Bf4 21. Nh1 Ng4 22.
g3 Be3+ 23. Kg2 Bd4 24. Nxd4 Nf6 25. Nf3 b5 26. cxb5 axb5 27. Qxb5 Nxe4 28.
Rfe1 Nf6 29. Nf2 Nxd5 30. a3 Rab8 31. Qe2 Rb3 32. Qd2 Qb7 33. Rad1 Nf6 34. Re3
Rxb2 35. Qc1 e4 36. Nd2 d5 37. Re2 Re8 38. Rde1 e3 39. Nd3 d4+ 40. Nf3 Rb3 41.
Nxc5 Rc3 42. Qxc3 Qxf3+ 43. Kxf3 dxc3 44. Rxe3 Rxe3+ 45. Rxe3 Nd5 46. Rd3 c2
47. Nb3 Nc7 48. Rc3 Nd5 49. Rxc2 1-0

[Event "II Open Santa Cecilia A"]
[Site "Frascati ITA"]
[Date "2009.11.20"]
[Round "1"]
[White "Carnicelli, Valerio"]
[Black "Blonna, Michele"]
[Result "0-1"]
[WhiteElo "1756"]
[BlackElo "2024"]
[PlyCount "64"]
[EventDate "2009.11.20"]

1. e4 c5 2. Nf3 d6 3. d4 cxd4 4. Nxd4 Nf6 5. Nc3 a6 6. f3 e6 7. Be3 b5 8. Qd2
Nbd7 9. O-O-O Bb7 10. g4 Nb6 11. g5 Nfd7 12. h4 Rc8 13. f4 Rxc3 14. Qxc3 Bxe4
15. Rh2 Nd5 16. Qe1 b4 17. Bd2 Nc5 18. Bxa6 Nc7 19. Bc4 d5 20. Bxb4 Qb8 21.
Bxc5 Bxc5 22. Bb3 O-O 23. Qc3 Na6 24. Rf1 Rc8 25. Re2 Nb4 26. Nxe6 Bf8 27. Qd4
Bd3 28. Nxf8 Bxe2 29. Re1 Nd3+ 30. Kb1 Nxe1 31. Nd7 Qb5 32. Nb6 Nf3 0-1

[Event "II Open Santa Cecilia A"]
[Site "Frascati ITA"]
[Date "2009.11.20"]
[Round "1"]
[White "Di Giorgio, Daniele"]
[Black "Franciosi, Fausto"]
[Result "1/2-1/2"]
[WhiteElo "1687"]
[BlackElo "1993"]
[PlyCount "60"]
[EventDate "2009.11.20"]

1. e4 e6 2. d4 d5 3. Nd2 c5 4. exd5 Qxd5 5. Ngf3 cxd4 6. Bc4 Qd6 7. O-O Nf6 8.
Nb3 Nc6 9. Nbxd4 Nxd4 10. Qxd4 Qxd4 11. Nxd4 a6 12. Re1 Bc5 13. Nb3 Ba7 14. Be3
b5 15. Bd3 Bxe3 16. Rxe3 Ke7 17. Rae1 Bb7 18. f4 Nd5 19. Re4 g6 20. a3 Rac8 21.
g3 Rhd8 22. R4e2 Nb6 23. f5 Bd5 24. Nd4 Bc4 25. Bxc4 Rxd4 26. Bxe6 fxe6 27.
Rxe6+ Kf8 28. Rxb6 Rxc2 29. fxg6 Rdd2 30. gxh7 Rg2+ 1/2-1/2

[Event "II Open Santa Cecilia A"]
[Site "Frascati ITA"]
[Date "2009.11.20"]
[Round "1"]
[White "Laketic, Gojko"]
[Black "Lelli, Adriano"]
[Result "1/2-1/2"]
[WhiteElo "2468"]
[BlackElo "1957"]
[PlyCount "84"]
[EventDate "2009.11.20"]

1. d4 Nf6 2. c4 g6 3. Nc3 d5 4. Nf3 Bg7 5. Bg5 Ne4 6. Bh4 Nxc3 7. bxc3 dxc4 8.
Qa4+ c6 9. Qxc4 O-O 10. e3 Nd7 11. Be2 Bf6 12. Bxf6 Nxf6 13. O-O Qd5 14. Ne5
Qxc4 15. Bxc4 Ne4 16. Rac1 Nd6 17. Bb3 Kg7 18. f3 f6 19. Nd3 b6 20. c4 Bb7 21.
c5 Nf7 22. a4 Nd8 23. a5 b5 24. a6 Bc8 25. d5 e6 26. e4 Bd7 27. Nb4 Rc8 28. Rc3
exd5 29. exd5 cxd5 30. Bxd5 Be6 31. Bb7 Rc7 32. c6 Bc4 33. Rd1 Ne6 34. Kf2 Rd8
35. Rcc1 Kf7 36. Nc2 Rxd1 37. Rxd1 Bb3 38. Rd2 Bxc2 39. Rxc2 Ke7 40. Ke3 Kd6
41. Rd2+ Kc5 42. Rc2+ Kd6 1/2-1/2

[Event "II Open Santa Cecilia A"]
[Site "Frascati ITA"]
[Date "2009.11.20"]
[Round "1"]
[White "Maggi, Fabrizio"]
[Black "Iacoacci, Giancarlo"]
[Result "1-0"]
[WhiteElo "2126"]
[BlackElo "1847"]
[PlyCount "50"]
[EventDate "2009.11.20"]

1. e4 c6 2. d4 d5 3. exd5 cxd5 4. c4 Nf6 5. Nc3 e6 6. a3 a6 7. Nf3 Bd6 8. Bd3
dxc4 9. Bxc4 b5 10. Ba2 O-O 11. O-O Bb7 12. Qe2 Nbd7 13. Rd1 Nb6 14. Ne5 Qc7
15. Bg5 Nfd5 16. Rac1 Qd8 17. Ne4 Be7 18. Nc5 Bxc5 19. dxc5 Qc7 20. c6 Bc8 21.
Rd3 h6 22. Bxd5 Nxd5 23. Rcd1 Ra7 24. Qe3 a5 25. g4 25... Qe7 {...} 1-0

[Event "II Open Santa Cecilia A"]
[Site "Frascati ITA"]
[Date "2009.11.20"]
[Round "1"]
[White "Maggi, Luigi"]
[Black "Napoli, Nicolo'"]
[Result "0-1"]
[WhiteElo "1906"]
[BlackElo "2389"]
[PlyCount "96"]
[EventDate "2009.11.20"]

1. c4 e5 2. Nc3 Bb4 3. Nd5 Bc5 4. e3 Nf6 5. a3 c6 6. Nc3 d5 7. b4 Bd6 8. Nf3
O-O 9. Be2 a5 10. c5 axb4 11. cxd6 bxc3 12. dxc3 Qxd6 13. c4 e4 14. Nd4 dxc4
15. Bxc4 b5 16. Be2 b4 17. Qb3 c5 18. Nb5 Qb6 19. Bb2 Bd7 20. a4 Nc6 21. Bxf6
Na5 22. Qd5 Qxf6 23. O-O Bc6 24. Qd6 Qxd6 25. Nxd6 Nb3 26. Ra2 Rxa4 27. Rxa4
Bxa4 28. Nxe4 Rd8 29. f3 Nd2 30. Ra1 Nxe4 31. fxe4 Bc2 32. Ra5 b3 33. Rb5 g6
34. Rb7 Bd3 35. Kf2 c4 36. Rb4 Bxe2 37. Kxe2 Rc8 38. Kd2 c3+ 39. Kc1 b2+ 40.
Kc2 Kf8 41. Rb7 Rc5 42. e5 Rc6 43. e4 h5 44. h4 Rc5 45. g3 Rxe5 46. Kxc3 Rxe4
47. Kxb2 Re7 48. Kc3 Re3+ 0-1

[Event "II Open Santa Cecilia A"]
[Site "Frascati ITA"]
[Date "2009.11.20"]
[Round "1"]
[White "Martorelli, Antonio"]
[Black "Biondi, Massimo"]
[Result "1/2-1/2"]
[WhiteElo "2224"]
[BlackElo "1879"]
[PlyCount "88"]
[EventDate "2009.11.20"]

1. e4 c5 2. Nf3 d6 3. d4 cxd4 4. Nxd4 Nf6 5. Nc3 a6 6. g3 e5 7. Nb3 Be6 8. Bg2
Be7 9. O-O Qc7 10. Re1 Nbd7 11. a4 Rc8 12. Bg5 O-O 13. a5 h6 14. Bxf6 Nxf6 15.
Nd2 Rfd8 16. Nf1 d5 17. Nxd5 Bxd5 18. exd5 Qxc2 19. Ne3 Qxd1 20. Rexd1 Bc5 21.
Bh3 Rc7 22. Rac1 Ne8 23. Nc4 Bd4 24. Bg2 Nd6 25. Nxd6 Rxc1 26. Rxc1 Rxd6 27. b4
f5 28. Rc7 e4 29. Bf1 b6 30. Rc6 Be5 31. h4 g5 32. Kg2 Kf8 33. f3 Ke7 34. fxe4
fxe4 35. hxg5 hxg5 36. Rc7+ Kd8 37. Rf7 Rf6 38. Rxf6 Bxf6 39. Kf2 Be7 40. Ke3
Bxb4 41. Kxe4 Bxa5 42. Kf5 Be1 43. g4 Bd2 44. Ke6 Bf4 1/2-1/2

[Event "II Open Santa Cecilia A"]
[Site "Frascati ITA"]
[Date "2009.11.20"]
[Round "1"]
[White "Palermo, Stefano"]
[Black "Rampini, Carlo"]
[Result "1-0"]
[WhiteElo "2048"]
[BlackElo "1779"]
[PlyCount "43"]
[EventDate "2009.11.20"]

1. e4 c5 2. Nf3 e6 3. d4 cxd4 4. Nxd4 Nf6 5. Nc3 Qb6 6. Nb3 Bb4 7. Be3 Bxc3+ 8.
bxc3 Qc6 9. Qd4 Qxe4 10. O-O-O O-O 11. Qd2 Qa4 12. Kb2 Ne4 13. Qd3 Nc6 14. f3
Nf6 15. Bc5 d6 16. Qxd6 Rd8 17. Qxc6 Qxc6 18. Rxd8+ Ne8 19. Nd4 Qa4 20. Bb5 Bd7
21. Bxd7 Rxd8 22. Be7 1-0

[Event "II Open Santa Cecilia A"]
[Site "Frascati ITA"]
[Date "2009.11.20"]
[Round "1"]
[White "Parisi, Cosimo"]
[Black "Tersigni, Andrea"]
[Result "0-1"]
[WhiteElo "1873"]
[BlackElo "2153"]
[PlyCount "94"]
[EventDate "2009.11.20"]

1. e4 Nf6 2. e5 Nd5 3. d4 d6 4. c4 Nb6 5. f4 g6 6. Nf3 Bg7 7. Nc3 O-O 8. Be3 c6
9. Rc1 Be6 10. b3 d5 11. c5 N6d7 12. Ng5 b6 13. Nxe6 fxe6 14. Qg4 Rf5 15. Bd3
bxc5 16. Bxf5 exf5 17. Qf3 cxd4 18. Bxd4 e6 19. O-O Na6 20. Na4 Qc7 21. Qc3 Rc8
22. b4 Bf8 23. a3 Nb6 24. Nxb6 axb6 25. Qd3 Qb7 26. Rf2 c5 27. Rfc2 c4 28. Qf3
b5 29. h3 Nb8 30. Ra1 Nc6 31. Qc3 Ra8 32. Qe3 Be7 33. Rca2 Nxd4 34. Qxd4 Bd8
35. Kf1 Bb6 36. Qd1 Ra4 37. g4 d4 38. Rg2 Qe4 39. Qe2 d3 40. Qxe4 fxe4 41. Ke1
e3 42. f5 Bd4 43. Raa2 Bxe5 44. fxe6 Ra6 45. Kd1 Rxe6 46. a4 bxa4 47. Rxa4 Bc3
0-1

[Event "II Open Santa Cecilia A"]
[Site "Frascati ITA"]
[Date "2009.11.20"]
[Round "1"]
[White "Pitrelli, Antonio"]
[Black "Passerotti, Pierluigi"]
[Result "0-1"]
[WhiteElo "1890"]
[BlackElo "2266"]
[PlyCount "70"]
[EventDate "2009.11.20"]

1. d4 f5 2. Bg5 h6 3. Bh4 g5 4. Bg3 Bg7 5. e3 d6 6. Qh5+ Kf8 7. Bd3 Nf6 8. Qe2
Nc6 9. c3 e5 10. f3 Qe7 11. Nd2 Bd7 12. O-O-O Re8 13. Re1 exd4 14. exd4 Qf7 15.
Qd1 Qxa2 16. Rxe8+ Kxe8 17. Qc2 f4 18. Bf2 Na5 19. b4 Qa1+ 20. Nb1 Nc6 21. h4
Ne7 22. Nh3 Kd8 23. Re1 Bxh3 24. gxh3 Nfd5 25. Qb3 a5 26. b5 a4 27. Qc4 a3 28.
Re2 Nb6 29. Qe6 Ned5 30. c4 Nc3 31. Qe7+ Kc8 32. Bf5+ Kb8 33. Rd2 a2 34. Rxa2
Nxa2+ 35. Kc2 Bxd4 0-1

[Event "II Open Santa Cecilia A"]
[Site "Frascati ITA"]
[Date "2009.11.20"]
[Round "1"]
[White "Simeone, Giulio"]
[Black "Franciosi, Claudio"]
[Result "1/2-1/2"]
[WhiteElo "1960"]
[BlackElo "1650"]
[PlyCount "36"]
[EventDate "2009.11.20"]

1. c4 e5 2. Nc3 Nf6 3. Nf3 Nc6 4. e3 d5 5. cxd5 Nxd5 6. Bc4 Nxc3 7. bxc3 e4 8.
Nd4 Ne5 9. Be2 Qg5 10. Kf1 Bd6 11. Ba3 O-O 12. Bxd6 cxd6 13. Rb1 Ng6 14. Rb5 d5
15. f3 exf3 16. Bxf3 Qf6 17. Rxd5 Qa6+ 18. Kf2 Qxa2 1/2-1/2

[Event "II Open Santa Cecilia A"]
[Site "Frascati ITA"]
[Date "2009.11.20"]
[Round "1"]
[White "Vuelban, Virgilio"]
[Black "Battistelli, Alessandro"]
[Result "1-0"]
[WhiteElo "2356"]
[BlackElo "1900"]
[PlyCount "30"]
[EventDate "2009.11.20"]

1. e4 g6 2. d4 d6 3. Nc3 Bg7 4. f4 Nf6 5. Nf3 O-O 6. Bd3 c5 7. dxc5 dxc5 8. e5
Nd5 9. Bd2 Nb4 10. Be4 N8c6 11. Be3 b6 12. Qxd8 Rxd8 13. Nd5 Rd7 14. O-O-O Bb7
15. Rd2 15... a6 {...} 1-0

[Event "II Open Santa Cecilia A"]
[Site "Frascati ITA"]
[Date "2009.11.21"]
[Round "2"]
[White "Battistelli, Alessandro"]
[Black "Salerni, Guido"]
[Result "1-0"]
[WhiteElo "1900"]
[BlackElo "1786"]
[PlyCount "159"]
[EventDate "2009.11.20"]

1. e4 e5 2. Nf3 Nc6 3. Bb5 a6 4. Ba4 Nf6 5. O-O Nxe4 6. Re1 Nc5 7. Nxe5 Nxe5 8.
Rxe5+ Be7 9. Bb3 Nxb3 10. axb3 O-O 11. d4 Bf6 12. Re1 d5 13. Nc3 Be6 14. Be3
Re8 15. Qf3 Qd7 16. h3 Rad8 17. Rad1 Qc8 18. Na4 b6 19. g4 Be7 20. Bf4 h5 21.
gxh5 Bxh3 22. Qg3 Qg4 23. Bxc7 Qxg3+ 24. fxg3 Rc8 25. Bxb6 Rxc2 26. Bc5 Kf8 27.
Rc1 Rg2+ 28. Kh1 Rxg3 29. Rxe7 Rxe7 30. Re1 Be6 31. Nc3 Rh3+ 32. Kg2 Rxh5 33.
Ra1 Bc8 34. Ra5 Ke8 35. Bxe7 Kxe7 36. Rc5 Kd8 37. Kg3 Be6 38. Ra5 Bc8 39. b4
Bb7 40. b5 axb5 41. Nxb5 Kd7 42. Nc3 Rf5 43. Rc5 Kd6 44. Nb5+ Ke6 45. Rc7 Ba8
46. Ra7 Bc6 47. Ra6 Kd7 48. Ra7+ Ke6 49. Nc3 Rf1 50. b4 Rc1 51. Ra3 g5 52. b5
Rxc3+ 53. Rxc3 Bxb5 54. Kg4 f6 55. Re3+ Kf7 56. Kh5 Bd7 57. Ra3 g4 58. Ra7 Ke8
59. Kg6 f5 60. Kg5 Ke7 61. Kh5 Ke6 62. Kg5 Bc8 63. Ra6+ Ke7 64. Kf4 Bd7 65. Rg6
Kf7 66. Rd6 Ke7 67. Rxd5 Be6 68. Ra5 Bd7 69. Ke5 g3 70. Ra3 f4 71. Kxf4 g2 72.
Rg3 Bc6 73. Ke5 Bf3 74. d5 Kf8 75. d6 Bc6 76. Kf6 Ke8 77. Kg7 Kd8 78. Kf6 Kc8
79. Ke7 Kb8 80. d7 1-0

[Event "II Open Santa Cecilia A"]
[Site "Frascati ITA"]
[Date "2009.11.21"]
[Round "2"]
[White "Bernardinetti, Luca"]
[Black "Simeone, Giulio"]
[Result "1/2-1/2"]
[WhiteElo "1692"]
[BlackElo "1960"]
[PlyCount "67"]
[EventDate "2009.11.20"]

1. e4 c6 2. d4 d5 3. Nc3 dxe4 4. Nxe4 Nf6 5. Ng3 g6 6. Nf3 Bg7 7. Be2 O-O 8.
O-O Qc7 9. c3 Nbd7 10. Re1 e5 11. dxe5 Nxe5 12. Nxe5 Qxe5 13. Bf3 Qb5 14. Qb3
Qxb3 15. axb3 Be6 16. b4 Bd5 17. Bxd5 Nxd5 18. Bd2 f5 19. Re2 Kf7 20. Rae1 Rae8
21. Rxe8 Rxe8 22. Rxe8 Kxe8 23. Kf1 Be5 24. Ne2 Kd7 25. g3 b5 26. Nf4 Kd6 27.
Ke2 Nb6 28. Nd3 Bg7 29. f4 Kd5 30. b3 Nc8 31. Nf2 Nd6 32. Kd3 Bf8 33. Be3 Ne4
34. Bxa7 1/2-1/2

[Event "II Open Santa Cecilia A"]
[Site "Frascati ITA"]
[Date "2009.11.21"]
[Round "2"]
[White "Biondi, Massimo"]
[Black "Laketic, Gojko"]
[Result "0-1"]
[WhiteElo "1879"]
[BlackElo "2468"]
[PlyCount "68"]
[EventDate "2009.11.20"]

1. e4 d6 2. d4 Nf6 3. Bd3 e5 4. c3 g6 5. Ne2 Bg7 6. O-O O-O 7. f4 exf4 8. Bxf4
c5 9. Bxd6 Qxd6 10. e5 Qe7 11. exf6 Bxf6 12. dxc5 Qxc5+ 13. Kh1 Bg7 14. Nd2 Nc6
15. Ne4 Qe5 16. Qc2 f5 17. Ng5 Qf6 18. Bc4+ Kh8 19. Nf3 Be6 20. Bxe6 Qxe6 21.
Rae1 Qxa2 22. Nf4 Rae8 23. Ng5 Be5 24. Qf2 Bxf4 25. Qxf4 h6 26. Ne6 Rxe6 27.
Qxh6+ Kg8 28. h4 Rf7 29. Qf4 Re4 30. Qd6 Rxh4+ 31. Kg1 Kg7 32. b4 Rg4 33. Rf2
Qc4 34. Rf3 Re4 0-1

[Event "II Open Santa Cecilia A"]
[Site "Frascati ITA"]
[Date "2009.11.21"]
[Round "2"]
[White "Cesarini, Lanfranco"]
[Black "Vuelban, Virgilio"]
[Result "0-1"]
[WhiteElo "2072"]
[BlackElo "2356"]
[PlyCount "38"]
[EventDate "2009.11.20"]

1. c4 g6 2. Nc3 Bg7 3. d4 Nf6 4. e4 d6 5. f3 O-O 6. Bd3 b6 7. Nge2 Nbd7 8. Be3
c5 9. d5 Ne5 10. O-O a6 11. f4 Nxd3 12. Qxd3 Ng4 13. Bd2 b5 14. b3 bxc4 15.
Qxc4 Nf6 16. Rfd1 a5 17. a4 Bb7 18. Nb5 Nd7 19. Bc3 19... Nb6 {...} 0-1

[Event "II Open Santa Cecilia A"]
[Site "Frascati ITA"]
[Date "2009.11.21"]
[Round "2"]
[White "Franciosi, Claudio"]
[Black "Pitrelli, Antonio"]
[Result "0-1"]
[WhiteElo "1650"]
[BlackElo "1890"]
[PlyCount "96"]
[EventDate "2009.11.20"]

1. e4 e6 2. d4 d5 3. Nc3 Nf6 4. Bg5 Bb4 5. e5 h6 6. exf6 hxg5 7. fxg7 Rg8 8.
Qh5 Qf6 9. Qh7 Qxg7 10. Qxg7 Rxg7 11. Nge2 Bd7 12. a3 Be7 13. g4 c5 14. dxc5
Bxc5 15. b4 Be7 16. Nd4 Bf6 17. Rd1 Nc6 18. Ncb5 Ke7 19. h3 a6 20. Nxc6+ Bxc6
21. Nd4 Ba4 22. Rd2 Bxd4 23. Rxd4 Bxc2 24. Kd2 Be4 25. Rg1 e5 26. Rxe4 dxe4 27.
Ke3 Rc8 28. Kxe4 f6 29. Bd3 Rc3 30. a4 Ke6 31. Rd1 Rh7 32. Bf1 Rd7 33. Bd3 Rc4+
34. Ke3 Rxb4 35. Ke2 Rdd4 36. Bf5+ Kd5 37. Rb1 Rxa4 38. Rxb7 Ra2+ 39. Kf1 Rd3
40. Kg1 Rxh3 41. Rb6 Ra1+ 42. Kg2 Rh6 43. Bc8 a5 44. Bb7+ Kc5 45. Rb2 a4 46.
Be4 a3 47. Rc2+ Kd4 48. f3 a2 0-1

[Event "II Open Santa Cecilia A"]
[Site "Frascati ITA"]
[Date "2009.11.21"]
[Round "2"]
[White "Iacoacci, Giancarlo"]
[Black "Carnicelli, Valerio"]
[Result "1/2-1/2"]
[WhiteElo "1847"]
[BlackElo "1756"]
[PlyCount "82"]
[EventDate "2009.11.20"]

1. d4 d5 2. Bf4 Nf6 3. Nf3 Bf5 4. e3 c6 5. Be2 h6 6. h3 e6 7. c4 Nbd7 8. Nc3
Be7 9. O-O O-O 10. c5 Re8 11. b4 Nf8 12. a4 Ng6 13. Bh2 Qd7 14. b5 Bd8 15. bxc6
bxc6 16. a5 Bc7 17. g4 Bxh2+ 18. Nxh2 Be4 19. f3 Qc7 20. fxe4 Qg3+ 21. Kh1 Nh4
22. Bf3 Qxh3 23. Qe2 e5 24. Nd1 exd4 25. Nf2 Qg3 26. Rg1 Qc7 27. exd4 Nxf3 28.
Nxf3 Nxe4 29. Nxe4 Rxe4 30. Qh2 Qe7 31. Rge1 Qf6 32. Qg2 Rf4 33. Rf1 Re8 34.
Ne5 Qh4+ 35. Qh2 Qxh2+ 36. Kxh2 Rxd4 37. Nxc6 Rxg4 38. Nxa7 Re2+ 39. Kh3 Reg2
40. Rf4 Rg6 41. c6 Rc2 1/2-1/2

[Event "II Open Santa Cecilia A"]
[Site "Frascati ITA"]
[Date "2009.11.21"]
[Round "2"]
[White "Lelli, Adriano"]
[Black "Martorelli, Antonio"]
[Result "0-1"]
[WhiteElo "1957"]
[BlackElo "2224"]
[PlyCount "60"]
[EventDate "2009.11.20"]

1. e4 c5 2. Nf3 e6 3. d4 cxd4 4. Nxd4 a6 5. Nc3 Qc7 6. Be3 Bb4 7. Nde2 Nf6 8.
a3 Be7 9. Nd4 b5 10. Bd3 Bb7 11. O-O Nc6 12. Nxc6 Qxc6 13. f3 d6 14. Ne2 O-O
15. a4 b4 16. c3 Nd7 17. Nd4 Qc7 18. Rc1 Nc5 19. b3 Bf6 20. Ne2 Rad8 21. Qc2
Be5 22. f4 Bf6 23. Ng3 g6 24. f5 exf5 25. exf5 Rfe8 26. Bxc5 dxc5 27. fxg6 Bd4+
28. Kh1 hxg6 29. Rce1 Kg7 30. Be4 Qxg3 0-1

[Event "II Open Santa Cecilia A"]
[Site "Frascati ITA"]
[Date "2009.11.21"]
[Round "2"]
[White "Napoli, Nicolo'"]
[Black "Maggi, Fabrizio"]
[Result "1-0"]
[WhiteElo "2389"]
[BlackElo "2126"]
[PlyCount "44"]
[EventDate "2009.11.20"]

1. d4 f5 2. Bg5 d5 3. c4 Nf6 4. Bxf6 exf6 5. Nc3 Bb4 6. e3 Nc6 7. Nh3 Be6 8.
Nf4 Bf7 9. Qb3 Bxc3+ 10. bxc3 dxc4 11. Bxc4 Bxc4 12. Qxc4 Qd7 13. O-O Na5 14.
Qb4 b6 15. d5 Qd6 16. Ne6 Kf7 17. Rfd1 c5 18. Qh4 Nb7 19. Rd3 Qe5 20. Rad1 Nd6
21. Qa4 b5 22. Qa6 Rhe8 1-0

[Event "II Open Santa Cecilia A"]
[Site "Frascati ITA"]
[Date "2009.11.21"]
[Round "2"]
[White "Passerotti, Pierluigi"]
[Black "Palermo, Stefano"]
[Result "0-1"]
[WhiteElo "2266"]
[BlackElo "2048"]
[PlyCount "98"]
[EventDate "2009.11.20"]

1. e4 c5 2. Nf3 d6 3. d4 cxd4 4. Nxd4 Nf6 5. Nc3 a6 6. Be3 e5 7. Nb3 Be6 8. f3
b5 9. Qd2 Nbd7 10. O-O-O Be7 11. g4 Nb6 12. g5 Nfd7 13. Nd5 Bxd5 14. exd5 Rc8
15. h4 Nc4 16. Qe1 Nxe3 17. Qxe3 Qb6 18. Qd2 b4 19. Kb1 Nc5 20. Nxc5 Rxc5 21.
f4 exf4 22. Qxf4 O-O 23. Bd3 g6 24. h5 Rc7 25. Rdf1 Qc5 26. Be4 Qd4 27. Rh4 Qe5
28. Qxe5 dxe5 29. hxg6 fxg6 30. Rxf8+ Bxf8 31. Bd3 a5 32. a3 bxa3 33. b3 Rf7
34. Rc4 Be7 35. Rc7 Kg7 36. Bc4 Bd6 37. Rc6 Rd7 38. Ra6 h5 39. gxh6+ Kxh6 40.
Bb5 Rd8 41. Rxa5 Bb4 42. Ra4 Bc3 43. Bd3 Rxd5 44. Ka2 Bb2 45. b4 Rd4 46. Kb3 e4
47. Bc4 e3 48. b5 e2 49. b6 e1=Q 0-1

[Event "II Open Santa Cecilia A"]
[Site "Frascati ITA"]
[Date "2009.11.21"]
[Round "2"]
[White "Rampini, Carlo"]
[Black "Parisi, Cosimo"]
[Result "1/2-1/2"]
[WhiteElo "1779"]
[BlackElo "1873"]
[PlyCount "74"]
[EventDate "2009.11.20"]

1. Nf3 d5 2. c4 c6 3. g3 Nf6 4. Bg2 Bf5 5. d3 dxc4 6. Nh4 Bg4 7. h3 Bh5 8. g4
Bg6 9. Nxg6 hxg6 10. d4 e6 11. Bg5 Qa5+ 12. Bd2 Bb4 13. O-O Bxd2 14. Nxd2 Qc7
15. e4 Nbd7 16. Nxc4 Nb6 17. Ne5 O-O 18. Qe2 Rad8 19. Rfd1 Nfd7 20. Nf3 Qf4 21.
b3 Nf6 22. Ne1 Rd7 23. Rd2 Rfd8 24. Rad1 Qc7 25. Nf3 Nc8 26. Ne5 Re7 27. Bf3
Nd7 28. Nc4 Ncb6 29. Ne3 g5 30. Rc2 f6 31. Qd2 Ne5 32. Be2 Ng6 33. Ng2 Red7 34.
Qc3 Nf4 35. Nxf4 Qxf4 36. Qe3 Qb8 37. Rcd2 Kf7 1/2-1/2

[Event "II Open Santa Cecilia A"]
[Site "Frascati ITA"]
[Date "2009.11.21"]
[Round "2"]
[White "Tersigni, Andrea"]
[Black "Blonna, Michele"]
[Result "1-0"]
[WhiteElo "2153"]
[BlackElo "2024"]
[PlyCount "64"]
[EventDate "2009.11.20"]

1. f4 c5 2. Nf3 d6 3. e3 a6 4. b3 e6 5. Bb2 Nf6 6. g3 b5 7. c4 b4 8. Bg2 Bb7 9.
O-O Nbd7 10. d3 Be7 11. Qe2 O-O 12. Nbd2 Qb6 13. e4 Rfd8 14. Kh1 Nf8 15. d4
Rac8 16. d5 Ne8 17. Bh3 Rc7 18. Ng5 Bxg5 19. fxg5 e5 20. Rf2 Bc8 21. Bxc8 Rdxc8
22. Nf1 g6 23. Ne3 Re7 24. Ng4 Rcc7 25. Raf1 Qb7 26. Bc1 a5 27. h4 a4 28. h5
axb3 29. axb3 Ng7 30. hxg6 Nxg6 31. Nf6+ Kh8 32. Rh2 Nf8 1-0

[Event "II Open Santa Cecilia A"]
[Site "Frascati ITA"]
[Date "2009.11.21"]
[Round "3"]
[White "Blonna, Michele"]
[Black "Bernardinetti, Luca"]
[Result "1-0"]
[WhiteElo "2024"]
[BlackElo "1692"]
[PlyCount "89"]
[EventDate "2009.11.20"]

1. e4 e5 2. d3 d5 3. Nd2 Nf6 4. Ngf3 Nc6 5. g3 Bc5 6. Bg2 O-O 7. O-O Bg4 8. h3
Be6 9. Re1 Re8 10. c3 dxe4 11. dxe4 h6 12. b4 Bd6 13. Nf1 Qd7 14. g4 Kh7 15.
Ng3 g6 16. Bxh6 Kxh6 17. g5+ Kg7 18. gxf6+ Kxf6 19. Qd2 Kg7 20. Nh5+ gxh5 21.
Qg5+ Kf8 22. b5 Na5 23. Qxh5 f6 24. Qh8+ Kf7 25. Qh5+ Kf8 26. Nh4 Ke7 27. Rad1
Kd8 28. f4 Qg7 29. f5 Rh8 30. Qg6 Qxg6 31. Nxg6 Rg8 32. h4 Bf7 33. h5 Kd7 34.
Re3 Rae8 35. Bf1 Kc8 36. Kh2 Bf8 37. Red3 Bc4 38. h6 Bxh6 39. Rh3 Bf4+ 40. Kg2
Bf7 41. Kf3 Bxg6 42. fxg6 Rxg6 43. Rh7 Rd8 44. Bh3+ Rd7 45. Rh8+ 1-0

[Event "II Open Santa Cecilia A"]
[Site "Frascati ITA"]
[Date "2009.11.21"]
[Round "3"]
[White "Carnicelli, Valerio"]
[Black "Biondi, Massimo"]
[Result "0-1"]
[WhiteElo "1756"]
[BlackElo "1879"]
[PlyCount "114"]
[EventDate "2009.11.20"]

1. e4 c5 2. d4 cxd4 3. Qxd4 Nc6 4. Qd1 Nf6 5. Nc3 a6 6. Nf3 d6 7. h3 e6 8. Be3
Qc7 9. Bd3 b5 10. Qd2 Be7 11. O-O O-O 12. Rad1 Bb7 13. Ne2 d5 14. exd5 Nxd5 15.
Bg5 Ne5 16. Nxe5 Qxe5 17. Bxe7 Nxe7 18. Qc3 Qg5 19. Ng3 Rac8 20. Qd2 Qe5 21. c3
Rfd8 22. Qc2 h6 23. Rfe1 Qc5 24. Be4 Bd5 25. Bxd5 Rxd5 26. Rxd5 Nxd5 27. Ne4
Qc6 28. Qd3 b4 29. Rc1 f5 30. Nd2 bxc3 31. Nb1 Nf4 32. Qf1 c2 33. Nc3 Rd8 34.
g3 Nd3 35. Rxc2 Nxb2 36. Qe2 Nd3 37. Nd1 Qd5 38. Ne3 Qd4 39. Nc4 e5 40. Ne3 Rf8
41. Rd2 e4 42. Qd1 f4 43. Qb3+ Kh7 44. Nc2 Qc5 45. Qa4 Nxf2 46. Kg2 e3 47. Rd7
Qf5 48. g4 f3+ 49. Kf1 Qe5 50. Qxa6 Nxh3 51. Qd3+ Kh8 52. Qxe3 Qb5+ 53. Qd3
Qb1+ 54. Ne1 Qxa2 55. Qe3 Qc4+ 56. Rd3 Qxg4 57. Nxf3 Ng5 0-1

[Event "II Open Santa Cecilia A"]
[Site "Frascati ITA"]
[Date "2009.11.21"]
[Round "3"]
[White "Laketic, Gojko"]
[Black "Martorelli, Antonio"]
[Result "1/2-1/2"]
[WhiteElo "2468"]
[BlackElo "2224"]
[PlyCount "32"]
[EventDate "2009.11.20"]

1. e4 e5 2. Nf3 Nc6 3. Bb5 a6 4. Bxc6 dxc6 5. d4 exd4 6. Qxd4 Qxd4 7. Nxd4 Nf6
8. f3 Bd7 9. Be3 O-O-O 10. Nc3 Bb4 11. Nde2 Rde8 12. O-O-O Bf8 13. Nd4 c5 14.
Nde2 Bc6 15. Nf4 c4 16. Nce2 Nd7 1/2-1/2

[Event "II Open Santa Cecilia A"]
[Site "Frascati ITA"]
[Date "2009.11.21"]
[Round "3"]
[White "Lelli, Adriano"]
[Black "Iacoacci, Giancarlo"]
[Result "1-0"]
[WhiteElo "1957"]
[BlackElo "1847"]
[PlyCount "57"]
[EventDate "2009.11.20"]

1. e4 c6 2. d4 d5 3. f3 dxe4 4. fxe4 g6 5. Nf3 Bg7 6. Bc4 e6 7. O-O Nf6 8. Qe2
O-O 9. Nbd2 b5 10. Bd3 a5 11. e5 Nd5 12. Ne4 Qc7 13. b3 Nb4 14. Ba3 Nd7 15. c3
Nxd3 16. Bxf8 Nf4 17. Qd2 Nxf8 18. Qxf4 f5 19. Nc5 Qe7 20. a4 Nd7 21. Nxd7 Bxd7
22. axb5 c5 23. c4 cxd4 24. Qxd4 Rd8 25. Qd6 Qe8 26. Rfd1 Bf8 27. Qc7 Be7 28.
Rxa5 Bc8 29. Raa1 1-0

[Event "II Open Santa Cecilia A"]
[Site "Frascati ITA"]
[Date "2009.11.21"]
[Round "3"]
[White "Maggi, Fabrizio"]
[Black "Battistelli, Alessandro"]
[Result "1-0"]
[WhiteElo "2126"]
[BlackElo "1900"]
[PlyCount "39"]
[EventDate "2009.11.20"]

1. c4 c5 2. Nf3 Nf6 3. Nc3 g6 4. e4 d6 5. d4 cxd4 6. Nxd4 Bg7 7. Be2 O-O 8. Be3
Nc6 9. O-O Bd7 10. Qd2 Ng4 11. Bxg4 Bxg4 12. f4 Qa5 13. f5 Nxd4 14. Bxd4 Bxd4+
15. Qxd4 gxf5 16. exf5 Bxf5 17. b4 e5 18. Qe3 Qxb4 19. Rxf5 Qxc3 20. Qg5+ 1-0

[Event "II Open Santa Cecilia A"]
[Site "Frascati ITA"]
[Date "2009.11.21"]
[Round "3"]
[White "Palermo, Stefano"]
[Black "Franciosi, Fausto"]
[Result "1/2-1/2"]
[WhiteElo "2048"]
[BlackElo "1993"]
[PlyCount "94"]
[EventDate "2009.11.20"]

1. e4 d6 2. d4 Nf6 3. Nc3 e5 4. Nf3 Nbd7 5. Bc4 Be7 6. O-O O-O 7. h3 c6 8. a4
a5 9. Be3 Nb6 10. Bb3 Nfd7 11. Qe2 exd4 12. Nxd4 Nc5 13. Rad1 Nxb3 14. Nxb3 Be6
15. e5 d5 16. f4 Nc4 17. Bc1 Qc8 18. Kh1 f5 19. Nd4 Nb6 20. b3 c5 21. Nxe6 Qxe6
22. Nb5 Rfc8 23. Bd2 Nd7 24. Qf3 b6 25. c4 d4 26. Nc7 Rxc7 27. Qxa8+ Nf8 28.
Qd5 Rd7 29. Qxe6+ Nxe6 30. g4 g6 31. gxf5 gxf5 32. Rf2 Rd8 33. Rg2+ Kh8 34. Kg1
Rg8 35. Rxg8+ Kxg8 36. Kf2 Kf7 37. Kf3 Bd8 38. Rg1 Be7 39. Ke2 Bd8 40. Kd3 Be7
41. Kc2 Bd8 42. Rf1 Be7 43. Be1 Bd8 44. Bg3 Be7 45. Be1 Bd8 46. Bg3 Be7 47. Bh2
Bd8 1/2-1/2